El problema mente-cerebro: un enfoque psicobiológico
Tallennettuna:
| Päätekijä: | |
|---|---|
| Aineistotyyppi: | Kirja |
| Kieli: | espanja |
| Julkaistu: |
Madrid
Tecnos
1985
|
| Aiheet: | |
| Tagit: |
Lisää tagi
Ei tageja, Lisää ensimmäinen tagi!
|
MARC
| LEADER | 00000nam a2200000 a 4500 | ||
|---|---|---|---|
| 001 | UCW6591 | ||
| 003 | CL-VaPUC | ||
| 008 | 920406e19850000SP |||||||||||||||||spa|d | ||
| 020 | |a 843091174X | ||
| 082 | 0 | 4 | |a 128.2 |b BUN |2 21 |
| 100 | 0 | |a Bunge, Mario |e author |9 311591 | |
| 245 | 1 | 3 | |a El problema mente-cerebro: un enfoque psicobiológico |
| 300 | |a 261 p | ||
| 942 | |c BK | ||
| 945 | |d 19920406 00:00:00 | ||
| 260 | |a Madrid |b Tecnos |c 1985 | ||
| 650 | 7 | |a PSICOBIOLOGIA |2 CL-VaPUC |9 311592 | |
| 650 | 0 | |a Mente y cuerpo |9 307279 | |
| 583 | |a last modification |c 19920406 00:00:00 |k Rodrigo Vera | ||
| 999 | |c 219583 |d 219581 | ||
| 952 | |0 0 |1 0 |4 0 |6 128_200000000000000_BUN_1985 |7 0 |8 A |9 210674 |a BIBTEO |b BIBTEO |d 2019-11-15 |i 2788853 |o 128.2 BUN 1985 |p 2788853 |r 2025-01-17 |w 2019-11-15 |y BK |k ICR | ||
| 952 | |0 0 |1 0 |4 0 |6 128_200000000000000_BUN_1985 |7 0 |8 A |9 210675 |a BIBEDU |b BIBEDU |d 2019-11-15 |i 2788861 |o 128.2 BUN 1985 |p 2788861 |r 2019-11-15 |w 2019-11-15 |y BK |k EDU | ||